000 00795nam a2200265Ia 4500
003 OSt
005 20220918171255.0
006 a|||||r|||| 00| 0
007 ta
008 220917b |||||||| |||| 00| 0 eng d
020 _a9781446295076 (pbk)
_c3681.61
024 _a289,362
037 _b2531, 15/03/2016, Govinda Book House
_cTextual
040 _aARTS
_cARTS
_beng
041 _2eng
_aeng
082 _aS:(L:4:31), P8;Q5
100 _aMarks David F.
_935258
245 0 _aHealth psychology
_b Theory research and practice
250 _a4th
260 _aLondon
_bSage UK
_c2015
300 _axiii, 640p.
_ccm.
650 _aPSYCHOLOGY
942 _hS:(L:4:31), P8;Q5
_cTEXL
_2CC
999 _c138695
_d138695